Improving a failing school.

In the light of Government attempts to address the problem of failing schools, one school - Hurlingham and Chelsea School in Fulham, west London - was turned around in just four years. After being placed in special measures in March 2004 with its governing body judged to be failing, it became the se...

Full description

Bibliographic Details
Corporate Author: Illumina Digital (Producer)
Format: Video
Language:English
Language Notes:This edition in English.
Published: [London] : Teachers TV/UK Dept. of Education, 2008.
Series:Education in video
Just for governors ; 2
Subjects:
Online Access:Connect to this streaming video (Alexander Street Press)

MARC

Tag First Indicator Second Indicator Subfields
LEADER 00000cgm a2200000Ma 4500
001 in00005544821
006 m o c
007 cr |n|---||a|a
007 vz |zazu|
008 120229s2008 enk018 o vleng d
005 20241201230117.2
035 |a (OCoLC)ocn815778762 
040 |a ALSTP  |b eng  |e pn  |c ALSTP  |d OCLCO  |d OCLCQ  |d OCLCF  |d OCLCQ  |d OCLCO  |d VZF  |d OCLCQ  |d OCLCO  |d OCLCA  |d OCLCQ  |d MNI  |d INT  |d OCLCQ  |d WYU  |d OCLCO  |d OCLCL 
035 |a (OCoLC)815778762 
043 |a e-uk--- 
050 4 |a PN1200eb 
049 |a TXAM 
245 0 0 |a Improving a failing school. 
260 |a [London] :  |b Teachers TV/UK Dept. of Education,  |c 2008. 
300 |a 1 online resource (18 min.). 
336 |a two-dimensional moving image  |b tdi  |2 rdacontent 
337 |a computer  |b c  |2 rdamedia 
338 |a online resource  |b cr  |2 rdacarrier 
490 0 |a Education in video 
490 0 |a Just for governors ;  |v 2 
500 |a Title from resource description page (viewed Mar. 5, 2012). 
520 |a In the light of Government attempts to address the problem of failing schools, one school - Hurlingham and Chelsea School in Fulham, west London - was turned around in just four years. After being placed in special measures in March 2004 with its governing body judged to be failing, it became the second most improved school in the country and at the most recent Ofsted inspection looking at the Every Child Matters agenda it was described as outstanding. The governors helped the head to move the school back on track, not just in terms of teaching and learning but also in terms of the effectiveness of the governing body. 
546 |a This edition in English. 
650 0 |a School board members  |z Great Britain. 
650 0 |a School improvement programs  |z Great Britain. 
650 6 |a Enseignement  |x Réforme  |z Grande-Bretagne. 
650 7 |a School board members.  |2 fast  |0 (OCoLC)fst01106995 
650 7 |a School improvement programs.  |2 fast  |0 (OCoLC)fst01107461 
651 7 |a Great Britain.  |2 fast  |0 (OCoLC)fst01204623  |1 https://id.oclc.org/worldcat/entity/E39PBJdmp7p3cx8hpmJ8HvmTpP 
655 4 |a Alexander Street Video. 
655 7 |a Instructional television programs.  |2 fast  |0 (OCoLC)fst01726126 
655 7 |a Instructional television programs.  |2 lcgft 
655 7 |a Émissions pédagogiques télévisées.  |2 rvmgf 
710 2 |a Illumina Digital.  |4 pro 
776 0 8 |i Print version:  |t Improving a failing school.  |d [London] : Teachers TV/UK Dept. of Education, 2008 publisher catalog number  |o C/3163/002 
856 4 0 |u http://proxy.library.tamu.edu/login?url=https://www.aspresolver.com/aspresolver.asp?AVN2;1783884  |z Connect to this streaming video (Alexander Street Press)  |t 0 
955 |a Alexander Street Press subscription streaming video 
994 |a 92  |b TXA 
999 f f |s b98133a2-ae5e-4c82-9feb-c831177f8e1a  |i 2e7310ea-3484-48fb-be5d-422f31e3e32d  |t 0 
952 f f |a Texas A&M University  |b College Station  |c Electronic Resources  |d Available Online  |t 0  |e PN1200eb   |h Library of Congress classification 
998 f f |a PN1200eb   |t 0  |l Available Online